MDQL
is popping MORE tags! Check the
thread
!
Quizzes
Events
Quiz Creation
Community
Videos
Private Events
Remove Ads
Sign In
Join for FREE
Feedback
Dark Mode
Quiz Categories
Sports
Geography
Music
Movies
Television
Just For Fun
Miscellaneous
History
Literature
Language
Science
Gaming
Entertainment
Religion
Holiday
For Kids
Quiz Lab
Recent
Popular Today
Quiz Kudos Today
Editor Picks
Curator Picks
Quizzes by...
Day
Popularity
Type
Ratings
Length
Year
Community
Subscriptions
Recent Discussions
Orange Saloon
Badges
Playlists
Quests
Create
Leaderboards
Showdown
Live 5
Trivia Bingo
Activity
Puzzle Library
Sporcle Events
Private Events
Virtual Trivia
Globe League
Become a Host
Pub Owners
SporcleCon
Opinionation
Our Games
Videos
Blog
Mobile Apps
Partnerships
Remove Ads and Go Orange
Feedback
Sports
Athletes
MLB
NBA
NHL
NFL
Soccer
Sports Teams
WWE
NCAA
Football
Premier League
Basketball
Baseball
Hockey
Golf
Tennis
Cricket
Rugby
Auto Racing
Olympics
World Cup
Sports
Athletes
MLB
NBA
NHL
NFL
Soccer
Sports Teams
WWE
NCAA
Football
Premier League
Basketball
Baseball
Hockey
Golf
Tennis
Cricket
Rugby
Auto Racing
Olympics
World Cup
Random Quiz
Search Sporcle
×
Quiz Lab
Quiz Lab
Sports
NBA
Type in answers that appear in a list
Type in answers that appear in a list
Classic
Best Score? Go Orange.
Every NBA Team's 2016-2017 Leader In Points Stats
Can you name the Every NBA Team's 2016-2017 Leader In Points? This Quiz Was Created For KOT4Q
By
BradyRahm_56
4m
30 Questions
1,151 Plays
1,151 Plays
1,151 Plays
Comments
Comments
Give Quiz Kudos
Give Quiz Kudos
-
- Ratings
hide this ad
Replay
Link that replays current quiz
Next Quiz
Link to next quiz in quiz playlist
You Got
0%
They Got
Avg Score
81%
Avg Friend Score
Upgrade to see
Score Distribution
Jump to the score distribution portion of the page
Score
0/30
Timer
04:00
0
Plays Today
Team
Player
% Correct
Cleveland
LeBron James
99.2%
Boston
Isaiah Thomas
97.6%
Washington
John Wall
97.4%
Toronto
Demar Derozan
95.6%
Indiana
Paul George
94.7%
Chicago
Jimmy Butler
93%
Golden State
Stephen Curry
92.8%
Charlotte
Kemba Walker
91.5%
New York
Carmelo Anthony
91.2%
Houston
James Harden
91.1%
Oklahoma City
Russel Westbrook
90.5%
San Antonio
Kawhi Leonard
89.3%
LA Clippers
Blake Griffin
87.6%
Portland
Damian Lillard
87.1%
Atlanta
Paul Millsap
86.4%
Team
Player
% Correct
New Orleans
Anthony Davis
85.7%
Utah
Gordon Hayward
84.4%
Memphis
Mike Conley
83.2%
Brooklyn
Brook Lopez
82.2%
Milwaukee
Giannis Antetokounmpo
82%
Miami
Goran Dragic
80.5%
Minnesota
Karl-Anthony Towns
76.8%
Phoenix
Devin Booker
76.5%
LA Lakers
D'angelo Russel
76.5%
Philadelphia
Joel Embiid
75.5%
Dallas
Dirk Nowitzki
74.5%
Orlando
Nikola Vucevic
51.5%
Sacramento
Rudy Gay
44.7%
Denver
Danilo Gallinari
43.1%
Detroit
Kentavious Caldwell-Pope
36.6%
Quiz Playlist
Details
Report
Send in Message
Add To Playlist
Classic:
Type in answers that appear in a list
Last Updated: Jul 11, 2017
Quiz Scoreboard
CHALLENGE
Sign Up to Join the Scoreboard
Show All
Scores
Hide
Comments
May contain spoilers
Recently Published
Holiday 10x10 Sorting Gallery
by lukepisani3
Holiday
15m
Two Season TV Shows II
by 123Four
Television
10m
Image Sorting: Flags VI
by Barbecue
Geography
2m
More to Explore
Quiz From the Vault
Featured Blog Post
14 Easter Pick-up Lines to Find Eggs With
hide this ad
You Might Also Like...
Tags
NBA Quiz
2016-2017
KOT4Q
Leader
Player
point
team
Today's Top Quizzes in Sports
Browse Sports
hide this ad
Today's Top Quizzes in NBA
Browse NBA
Top Contributed Quizzes in Sports
1
Les meilleurs buteurs des matchs entre le PSG et l’OM
2
Les entraîneurs de l'OM et du PSG au 21e siècle
3
2022 World Cup Stars
4
Les joueurs passés par le PSG et l'OM
5
Players with Multiple 50 Home Run Seasons
6
FIFA Club World Cup Champions
7
Top 10 NHL Goal Scorers of All Time
8
Les joueurs passés par le LOSC et le RC Lens
9
Criteria MLB: Left Handed Sluggers
10
2023 MLB Unique Player Accomplishments
Explore More
Trending Topics
NBA
Harry Potter
Kpop
Anime
Disney
Crossword
Marvel
The Office
Puzzle
WWE
NFL
Soccer
Country
Pokémon
Song
hide this ad
More By:
BradyRahm_56
Quiz
Plays
Rating
Category
Featured
Created
NBA chain game
3,025
2.13
Sports
Sep 7, 2018
Every NBA Team's 2016-2017 Leader In Points
1,151
3.50
Sports
Apr 29, 2017
Can you name NFL Networks top 100 players of 2017?
47
2.33
Sports
Jul 11, 2017
Go to Creator's Profile
Score Distribution
Quiz Creator Spotlight
BradyRahm_56
Follow
Send a Message
Quizzes Created
-
Created Quiz Play Count
-
More By This Creator
Popular Quizzes Today
1
Find the US States - No Outlines Minefield
2
Colored Red Africa Blitz
3
Find the 'City' Movie
4
The Countries of the World
5
5x2 Blitz: Bands
6
Find the Countries of Europe - No Outlines Minefield
7
Find the US States
8
US States
More Sports Quizzes
Stateless NCAA FBS Teams by State
Curator's Pick
Trending Quizzes
Colored Red Europe Blitz I
Colored Red Europe Blitz II
Colored Red Africa Blitz II
Colored Red Europe Blitz III
Colored Red Africa Blitz III
Recently Updated
Odd Team Out - Big 4 Players
pecheneg
Quick Pick: 20 Twenties
pecheneg
March Madness Men's Triple Doubles
pecheneg
How Do You Spell That?
pecheneg
Godzilla Movies
pecheneg
Grab Bag: 4-10 Letters
pecheneg
2024 March Madness Bracket
pecheneg
Famous TV Couples
Peacemaker
Champions League XIs: Real Madrid
pecheneg
Largest US Cities 1790-2010
pecheneg
Trending Topics
Anime
Harry Potter
Crossword
Kpop
Marvel
Disney
NBA
Soccer
Country
The Office
WWE
Puzzle
Song
NFL
Pokémon
Your Account Isn't Verified!
In order to create a playlist on Sporcle, you need to verify the email address you used during registration. Go to your
Sporcle Settings
to finish the process.
Report this User
Report this user for behavior that violates our
Community Guidelines
.
Details:
Send Report
Go to the Sporcle.com Mobile Site →
Comments